Novela zákona o minimálnej mzde a jej dopad na poistný a dávkový systém
Dňom 1. januára 1998 nadobudol účinnosť zákon č. 366/1997 Z.z., ktorým sa mení a dopĺňa zákon NR SR č. 90/1996 Z.z. o minimálnej mzde a o zmene a doplnení niektorých zákonov. Výška minimálnej mzdy. Platenie poistného na zdravotné, nemocenské poistenie, dôchodkové zabezpečenie a príspevku na poisteni...
Salvato in:
| Autore principale: | |
|---|---|
| Natura: | Capitolo di libro |
| Lingua: | slovacco |
| Soggetti: | |
| Tags: |
Nessun Tag, puoi essere il primo ad aggiungerne!!
|
MARC
| LEADER | 00000naa a2200000 4500 | ||
|---|---|---|---|
| 001 | r031690 | ||
| 005 | 20230424115652.9 | ||
| 041 | 0 | |a slo | |
| 044 | |a SK | ||
| 245 | 1 | 0 | |a Novela zákona o minimálnej mzde a jej dopad na poistný a dávkový systém |c Ján Matlák |
| 520 | |a Dňom 1. januára 1998 nadobudol účinnosť zákon č. 366/1997 Z.z., ktorým sa mení a dopĺňa zákon NR SR č. 90/1996 Z.z. o minimálnej mzde a o zmene a doplnení niektorých zákonov. Výška minimálnej mzdy. Platenie poistného na zdravotné, nemocenské poistenie, dôchodkové zabezpečenie a príspevku na poistenie v nezamestnanosti. Odvod za neplnenie povinného podielu zamestnávania občanov so zmenenou pracovnou schopnosťou. Rodičovský príspevok. | ||
| 610 | 2 | 0 | |a mzdy minimálne |
| 610 | 2 | 0 | |a poistné |
| 610 | 2 | 0 | |a poistenie nemocenské |
| 610 | 2 | 0 | |a poistenie zdravotné |
| 610 | 2 | 0 | |a zabezpečenie dôchodkové |
| 610 | 2 | 0 | |a príspevky sociálne |
| 610 | 2 | 0 | |a zákony |
| 610 | 2 | 0 | |a Slovensko |
| 610 | 2 | 0 | |a 1997-1998 |
| 100 | 1 | |a Matlák, Ján | |